000 00609nam a2200193Ia 4500
003 GCL
008 140319s9999 xx 000 0 ara d
040 _aGCL /
_cGCL
082 0 4 _a811.009
_bا ك
100 1 _aاحمد درويش
_vDistributor
_@
…وزع
245 1 0 _aالكلمة والمجهر- دراسات فى نقد الشعر /
_cاحمد درويش
260 _a[S.N] :
_bدار الهانى للطباعة ،
_c1993
300 _a220 ص
490 _a
650 0 4 _aالشعر العربى
650 0 4 _aدواوين وقصائد
650 0 4 _aتاريخ ونقد
942 _2ddc
_cBK
999 _c56417
_d56417